000 00413nam a22001817a 4500
003 CEME
005 20210628202226.0
008 210115b xxu||||| |||| 00| 0 eng d
020 _a9788184872569
040 _c.
082 _a621.395 BAS
100 _aBasu,K.K
_958863
245 _aVlsi design
260 _aINDIA
_bNAROSA
_c2014
300 _aXIV, 145P
650 _aVLSI DESIGN
_958864
942 _cBK
_2ddc
999 _c568958
_d568958